Normal view
MARC view
- Mandal J.N and Divshikar D.G
Entry Personal Name
001 - CONTROL NUMBER
- control field: 40898
003 - CONTROL NUMBER IDENTIFIER
- control field: NUST
005 - DATE AND TIME OF LATEST TRANSACTION
- control field: 20210314131919.0
008 - FIXED-LENGTH DATA ELEMENTS
- fixed length control field: 210314|| aca||aabn | a|a d
040 ## - CATALOGING SOURCE
- Original cataloging agency: NUST
- Transcribing agency: NUST
100 ## - HEADING--PERSONAL NAME
- Personal name: Mandal J.N and Divshikar D.G
670 ## - SOURCE DATA FOUND
- Source citation: Work cat.: (NUST): Mandal J.N and Divshikar D.G, Soil Testing in civil engineering, 1993
